Responses for Show #8805 - Friday, February 10, 2023

Contestants

[<< previous game]

Libby Hsu, a lecturer and associate director from Revere, Massachusetts

Myles Karp, a journalist and consultant from Weston, Florida

Mira Hayward, a writer from Portland, Oregon (whose 1-day cash winnings total $14,600)

[next game >>]

Jeopardy! Round responses

BEFORE THEY WERE SUPREME COURT JUSTICES
DON'T FALL IN!
5-LETTER DOUBLE Z WORDS
ALL KINDS OF BOOKS
HOTELS NAMED FOR PEOPLE
SUPER BOWL HEROES
(Kevin: I'm Kevin Burkhardt at SoFI Stadium where the cheers still echo from Super Bowl LVI with some clues about the heroes of the biggest game over the years.)
    $200 23
Taft

Myles
    $200 28
a well

Myles
    $200 18
fizzy

Libby
    $200 22
(Myles: Who is Hinds?)
(Mira: Who is Jett?)

Pat Benatar

MiraMyles
Triple Stumper
    $200 30
Venice

Myles
    $200 25
(Ken: Our thanks to the Fox NFL Sunday team for helping us out with those clues; you can catch their coverage of the big game you might have heard about this Sunday on Fox.)

(Aaron) Rodgers

Mira
    $400 8
Ruth Bader Ginsburg

Mira
    $400 13
foundation

Mira
    $400 15
Jazzy

Myles
    $400 2
an atlas

Myles
    $400 12
(Libby: What is [**]?)
(Ken: Crab [**], yes, [*] Davenport.)

Louis (Louie)

Libby
    $400 5
Terry Bradshaw

Triple Stumper
    $600 19
(Felix) Frankfurter

Mira
    $600 6
volcanic

Libby
    $600 10
abuzz

Mira
    $600 1
(Mira: What is negativity?)

Clutter

Mira
Triple Stumper
    $600 4
Tahiti

Myles
    $600 16
Emmitt Smith

Myles
    $800 9
(Myles: Who is Marshall?)

(John) Jay

MiraMyles
    $800 7
a mine shaft

Mira
    $800 11
a tizzy

Myles
    $800 20
(Ken: The Barefoot Contessa, right.)

Ina Garten

Mira
    $800 3
(Myles: What is Baltimore?)

San Francisco

Myles
Triple Stumper
    $800 17
Montana

Mira
    $1,600 26
Sandra Day O'Connor

Mira
    $1000 27
Chasm

Mira
    $1000 14
mezzo

Libby
    $1000 21
Leatherstocking

Mira
    $1000 29
Stanley

Mira
    $1000 24
(Aaron) Donald

Myles

Scores at the first commercial break (after clue 15):

Mira Myles Libby
$2,400 $600 $2,000

Scores at the end of the Jeopardy! Round:

Mira Myles Libby
$9,200 $2,600 $2,200

Double Jeopardy! Round responses

OCEAN LIFE
POETS' RHYME TIME
FASHIONABLE ETYMOLOGY
AN ENDLESS CATEGORY
WESTERN EUROPE
THE MIAMI VICE SQUAD
    $400 1
manta rays

Libby
    $400 20
Frost's costs

Libby
    $400 25
calico

Mira
    $400 16
permanent

Mira
    $400 7
Barcelona

Libby
    $400 26
Julia Roberts

Myles
    $800 2
squid

Libby
    $800 19
Blake's snakes

Mira
    $800 12
sequins

Mira
    $800 21
infinity

Libby
    $800 8
(Ken: That's the only country that does.)

Germany

Myles
    $800 27
Liam Neeson

Mira
    $1200 3
kelp forests

Mira
    $1200 4
Milton's Hiltons

Myles
    $1200 13
a Henley

Myles
    $1200 22
perpetuity

Libby
    $1200 9
(Mira: What is the Rhône?)

the Loire

MiraMyles
    $1200 28
Helena Bonham Carter

Myles
    $3,800 5
a leatherback

Myles
    $1600 18
Pound's rounds

Myles
    $1600 14
paisley

Myles
    $5,800 23
(Libby: Let's make it a True Daily Double.)
(Ken: All right, oh, wow.)
[Very loud audience reaction]
(Ken: The crowd loves the wager.)

perennials

Libby
    $1600 10
Liechtenstein

Libby
    $1600 29
Barbra Streisand

Triple Stumper
    $2000 6
an Atlantic mackerel

Triple Stumper
    $2000 17
(Libby: What are Tennyson's denizens?)

Tennyson's benisons

Libby
Triple Stumper
    $2000 15
chenille

Myles
    $2000 24
(Mira: What is eternal?)

everlasting

MiraLibby
    $2000 11
the Hanseatic League

Mira
    $2000 30
(Ken: Despite your lack of familiarity with the Miami Vice canon, that's a good game for everyone.)

Miles Davis

Triple Stumper

Scores at the end of the Double Jeopardy! Round:

Mira Myles Libby
$12,400 $17,600 $13,600

[wagering suggestions for these scores]

Final Jeopardy! Round responses

EUROPEAN HISTORY
MiraWhat is the Holy Roman Emperor?
$10,000
LibbyWhat is Chancellor?
$4,001
MylesWhat is Kaiser
$10,000
Holy Roman Emperor

Final scores:

Mira Myles Libby
$22,400 $7,600 $9,599
2-day champion: $37,000 3rd place: $1,000 2nd place: $2,000

Game dynamics:

Coryat scores:

Mira Myles Libby
$11,800 $15,400 $9,400
20 R
(including 1 DD),
4 W
19 R
(including 1 DD),
3 W
13 R
(including 1 DD),
1 W

Combined Coryat: $36,600

[game clues] [game scores] [suggest correction]

Game tape date: 2022-12-08
The J! Archive is created by fans, for fans. Scraping, republication, monetization, and malicious use prohibited; this site may use cookies and collect identifying information. See terms. The Jeopardy! game show and all elements thereof, including but not limited to copyright and trademark thereto, are the property of Jeopardy Productions, Inc. and are protected under law. This website is not affiliated with, sponsored by, or operated by Jeopardy Productions, Inc. Join the discussion at JBoard.tv.